Músicas y prácticas en el Pacífico afrocolombiano /
Sábháilte in:
| Príomhchruthaitheoir: | |
|---|---|
| Rannpháirtithe: | , , , |
| Formáid: | LEABHAR |
| Teanga: | Spáinnis |
| Foilsithe / Cruthaithe: |
Bogotá, Colombia :
Pontificia Universidad Javeriana,
2010, c2010
|
| Ábhair: | |
| Clibeanna: |
Níl clibeanna ann, Bí ar an gcéad duine le clib a chur leis an taifead seo!
|
MARC
| LEADER | 00000nam^a2200000^a^4500 | ||
|---|---|---|---|
| 001 | 000315777 | ||
| 005 | 20250521000000.0 | ||
| 009 | 20260310113254.562 | ||
| 020 | |a 958-8101-18-2 | ||
| 037 | |a Acervo ITESO - Biblioteca | ||
| 041 | |a ESP | ||
| 082 | |a 786. 1209861 |b OCH | ||
| 100 | |a Ochoa Escobar, Juan Sebastián |e (ed. y pról.) | ||
| 245 | 1 | 0 | |a Músicas y prácticas en el Pacífico afrocolombiano / |c Ed. y pról. de J.S. Ochoa Escobar, C. Santamaría Delgado, M. Sevilla Peñuela. |
| 264 | 4 | |a Bogotá, Colombia : |b Pontificia Universidad Javeriana, |c 2010, c2010 | |
| 300 | |a 353 p. + |e 1 DVD sin dato de región (sin dato de duración) | ||
| 336 | |a texto |b txt |2 rdacontenido | ||
| 337 | |a sin mediación |b n |2 rdamedio | ||
| 338 | |a volumen |b nc |2 rdasoporte | ||
| 649 | |a XX | ||
| 650 | |a Negros en Colombia - |x Condiciones Sociales y Culturales | ||
| 650 | |a Prácticas Culturales - |z Colombia | ||
| 650 | |a Identidad Cultural - |z Colombia | ||
| 650 | |a Música Afroantillana - |z Colombia - |x Tema Principal | ||
| 650 | |a Música Afroantillana - |z Colombia - |x Historia y Crítica | ||
| 650 | |a Música Folklórica - |z Colombia - |x Historia y Crítica | ||
| 650 | |a Música Popular - |z Colombia - |x Historia y Crítica | ||
| 650 | |a Música y Sociedad - |z Colombia - |x Historia y Crítica | ||
| 650 | |a Música Colombiana - |x Historia y Crítica - |x Tema Principal | ||
| 650 | |a Colombia - |x Condiciones Sociales y Culturales | ||
| 740 | 4 | |a Los sonidos invisibles : |b un documental de Ana María Arango y Gregor Vanerian / |c Realización de A.M. Arango, G. Vanerian. | |
| 700 | |a Santamaría Delgado, Carolina |e (edición y prólogo) | ||
| 700 | |a Sevilla Peñuela, Manuel |e (edición y prólogo) | ||
| 700 | |a Arango, Ana María |e (realización) | ||
| 700 | |a Vanerian, Gregor |e (realización) | ||
| 910 | |a Fondo General | ||
| 920 | |a Impresos - Libros | ||
| 930 | |a Reserva Especial | ||
| 905 | |a 103 | ||
| 901 | |a 0500202662 |b IT1 |c REE |i C126915 |u 20250521 | ||
| 901 | |a DVD0005972 |b IT2 |c DVR |u 20250521 | ||
| 901 | |a 0500271381 |b IT1 |c REE |i D76666 |u 20250521 | ||
| 901 | |a DVD0009200 |b IT2 |c DVR |i D76666 |u 20250521 | ||
| 902 | |a https://opac.biblio.iteso.mx/vufind/Record/000315777 | ||